=LDR 00000nam 2200000 4500 =001 NUTBA000000000003443 =005 20140819104945.0 =006 =007 =008 =035 ##$$a 0010-081400000000288 =040 ##$$a NBPDMAT =082 ##$$a 372.7 =090 ##$$a 372.7 $b Mau p =100 ##$$a R.Maulina F =245 ##$$a Paud matematika 1 untuk pendidikan anak usia dini dan taman kanak-kanak / $c R.Maulina F =250 ##$$a Cet.1 =260 ##$$a Jakarta : $b Pustaka Agung Harapan, $c 2008 =300 ##$$a 32 hlm. : $b ilus. ; $c 24 cm. =650 ##$$a Matematika - TK =850 ##$$a NBPDMAT =990 ##$$a 21406827